Central Library OPAC University of Rajshahi

Microwave spectroscopy / (Record no. 71964)

MARC details
000 -LEADER
fixed length control field 00855nam a2200277 a 4500
001 - CONTROL NUMBER
control field 71964
003 - CONTROL NUMBER IDENTIFIER
rucl marc code BD-RjUL
005 - DATE AND TIME OF LATEST TRANSACTION
control field 20211209082208.0
008 - FIXED-LENGTH DATA ELEMENTS--GENERAL INFORMATION
fixed length control field 170511s1953 nyua 001 0 eng
035 ## - SYSTEM CONTROL NUMBER
System control number (BD-RjUL)72180
040 ## - CATALOGING SOURCE
Original cataloging agency DLC
Transcribing agency CtHT
Modifying agency BD-RjUL
Language of cataloging eng
041 ## - LANGUAGE CODE
Language code of text/sound track or separate title eng
082 ## - DEWEY DECIMAL CLASSIFICATION NUMBER
Classification number 539.1
Edition number 23
Author mark and year GOM 1953
100 1# - MAIN ENTRY--PERSONAL NAME
Personal name Gordy, Walter
Dates associated with a name 1909-1985.
9 (RLIN) 212845
245 10 - TITLE STATEMENT
Title Microwave spectroscopy /
Statement of responsibility, etc. Walter Gordy, William V. Smith and Ralph F. Trambarulo.
260 ## - PUBLICATION, DISTRIBUTION, ETC. (IMPRINT)
Place of publication, distribution, etc. New York :
Name of publisher, distributor, etc. Wiley,
Date of publication, distribution, etc. 1953.
300 ## - PHYSICAL DESCRIPTION
Pagination 446 p. :
Illustrations ill. ;
Size 24 cm.
500 ## - GENERAL NOTE
General note Includes index
650 #0 - SUBJECT ADDED ENTRY--TOPICAL TERM
Topical term or geographic name as entry element Microwave spectroscopy.
9 (RLIN) 212245
700 ## - ADDED ENTRY--PERSONAL NAME
Personal name Smith, William V.
Personal name Trambarulo, Ralph F.
830 ## - SERIES ADDED ENTRY--UNIFORM TITLE
Uniform title Structure of matter series
942 ## - ADDED ENTRY ELEMENTS (KOHA)
Source of classification or shelving scheme Dewey Decimal Classification
Koha item type Books
Holdings
Lost status Source of classification or shelving scheme Damaged status Not for loan Collection code Permanent Location Current Location Shelving location Date acquired Source of acquisition Cost, normal purchase price Total Checkouts Full call number Date last seen Copy number Koha item type
  Dewey Decimal Classification   Not For Loan Non-fiction Central Library, University of Rajshahi Central Library, University of Rajshahi Reading Room 22/09/1958 Jonathan owarent and kong 7.81   539.1 GOM 1953 11/05/2017 C-1 Books
  Dewey Decimal Classification     Non-fiction Central Library, University of Rajshahi Central Library, University of Rajshahi   22/09/1958 Jonathan owarent and kong 7.87   539.1 GOM 1953 11/05/2017 C-2 Books